000 00669nam a2200253Ia 4500
003 OSt
005 20221007110401.0
006 a|||||r|||| 00| 0
007 ta
008 221006b |||||||| |||| 00| 0 eng d
024 _a21,028
037 _cTextual
040 _aLCO
_cLCO
_beng
041 _2eng
_aeng
082 _aZ2'A, K5
100 _aSternbach L.
245 0 _aJuridical Studies in Ancient Indian Law
260 _aDelhi
_bMotilal Banarsidass India
_c1965
300 _a549
490 _vPart - IPart- I
650 _aANCIENT INDIA
_9707421
942 _hZ2'A, K5
_cTEXL
999 _c1190591
_d1190591